Test de rapidité-Les nombres premiers inférieurs à 30 - Statistiques

Statistiques générales
  • Ce quiz a été pris 222 fois
  • Le résultat moyen est 7 sur 10
Statistiques - réponses
Nombres % Correct
2
94%
3
92%
7
89%
5
88%
11
82%
13
77%
17
64%
19
52%
23
47%
29
31%
Aucun quiz correspondant
Distribution des résultats
% des personnes avec chaque résultat
Percentile par nombre de réponses
Votre historique - résultats
Vous n’avez pas pris ce quiz